Characterization diagnosis and management of plant viruses: grain crops and ornamentals (Record no. 126713)

MARC details
000 -LEADER
fixed length control field 00566nam a2200193Ia 4500
008 - FIXED-LENGTH DATA ELEMENTS--GENERAL INFORMATION
fixed length control field 191130s2008##################000#0#eng##
020 ## - INTERNATIONAL STANDARD BOOK NUMBER
ISBN 9781933699349
082 ## - DEWEY DECIMAL CLASSIFICATION NUMBER
Classification number 579.2805 GOV
100 ## - MAIN ENTRY--AUTHOR NAME
Personal name Govind P. Rao
245 ## - TITLE STATEMENT
Title Characterization diagnosis and management of plant viruses: grain crops and ornamentals
Statement of responsibility, etc Govind P. Rao
260 ## - PUBLICATION, DISTRIBUTION, ETC. (IMPRINT)
Place of publication USA
Year of publication 2008
300 ## - PHYSICAL DESCRIPTION
Number of Pages xii, 320p Pictures 24cms
500 ## - GENERAL NOTE
General note Includes index
650 ## - SUBJECT ADDED ENTRY--TOPICAL TERM
Topical Term Plant viruses
991 ## -
-- 239258
Holdings
Withdrawn status Lost status Damaged status Not for loan Home library Current library Shelving location Date acquired Full call number Accession Number Price effective from Koha item type
        Anna Centenary Library Anna Centenary Library 5TH FLOOR, A WING 12.10.2020 579.2805 GOV 243468 12.10.2020 English Books

Find us on the map